LEADER 01364nam a2200217 i 4500 001 000000225321 003 CaOOAMICUS 005 20131129000000.0 008 131129s1613 xx u000 u lat u 013 $a204223 026 $a1817 S.ra osve ru&q (3) 1613 (R) 040 $aSeMil$bita 245 10$aTomus 2. 300 $a[12], 437, [3] p. 500 $aSegn. : a6 A-2D8 2E4. 773 0 $aAvicenna <980-1037>$tAvicennae arabum medicorum principis. Ex Gerardi Cremonensis versione, & Andrea Alpagi Belunensis castigatione. A Ioanne Costaeo, & Ioanne Paulo Mongio annotationibus iampridem illustratus. Nunc uero ab eodem Costaeo recognitus, & nouis alicubi obseruationibus adauctus. Quibus principum philosophorum, ac medicorum consensus, dissensusque indicantur. Vita ipsius Auicennae ex Sorfano Arabe eius discipulo, a Nicolao Massa Latine scripta, & figuris quibusdam ex priori nostra editione sumptis. Additis nuper etiam librorum Canonis oeconomijs, nec non Tabulis isagogicis in vniuersam medicinam ex arte, Humain, idest Ioannitii Arabis. Per Fabium Paulinum Vtinensem. Cum indicibus quatuor ..$dVenetiis : apud Iuntas, 1613$g2$w()5111 850 $aSeMil 852 $aSeMil$W1$xVenegono$y1$m2O VI 13 FA$j175667$B175667$CSeMilBibl$Z2$F185901 $8I 941 1 $a10 961 $aRecupero: Mantegazza 996 $6245$aTomus 2$9(OLS)http://semarc/title/93022 LEADER 01455nam a2200301 i 4500 001 000000072283 003 CaOOAMICUS 005 20101111000000.0 008 101111s1997 it u000 u ita u 013 $a43455 020 $a88-05-05742-8 040 $aSeMil$bita 245 10$aScalabrini e le migrazioni moderne :$bscritti e carteggi /$cA cura di Silvano Tomasi e Gianfausto Rosoli ; Presentazione di Pietro Borzomati. 260 $aTorino :$bSocietà Editrice Internazionale,$ccopyr. 1997. 300 $aXXXI, 322 p. ;$c22 cm. 490 0 $aI contemplativi nel mondo 600 14$aScalabrini, Giovanni Battista .$0(OLS)http://semarc/subject/12061 650 4$aEmigrazione italiana.$0(OLS)http://semarc/subject/8821 700 1 $aRosoli, Gianfausto.$0(OLS)http://semarc/name/35791 700 1 $aBorzomati, Pietro.$0(OLS)http://semarc/name/4087 700 1 $aTomasi, Silvano Maria,$c.$0(OLS)http://semarc/name/69472 830 2$aI contemplativi nel mondo.$0(OLS)http://semarc/title/10634 850 $aSeMil 852 $aSeMil$W1$xVenegono$y1$m3J II 334$j38436$B38436$CSeMilBibl$Z2$F38439 $81 961 $aAcquisto: Mescat 996 $6020$a88-05-05742-8$9(OLS)http://semarc/number/51561 996 $6245$aScalabrini e le migrazioni moderne :$bscritti e carteggi$9(OLS)http://semarc/title/116474 996 $6260$aTorino :$bSocietà Editrice Internazionale$9(OLS)http://semarc/publisher/29847